Slovo Šaľanov noviny závislé od čitateľov : okresný mesačník

Bibliographic Details
Other Authors: Aľakša, Milan (Publishing director)
Format: Journal
Language:Slovak
PhysicalDescription:zv. ilustr. 30 cm
Published: Šaľa Milan Aľakša 1996
Šaľa Fantázia media, a.s.
ISSN:1336-4073
Subjects:
Online Access:http://www.slovosalanov.sk/

MARC

LEADER 00000cas a2200000 a 4500
001 vtls008163247
003 SK-MaSNL
005 20260228163531.0
008 050627c19969999xo mr p 0 b0slo
022 |a 1336-4073 
035 |a (SVKBB03)vtls000047915 
040 |a SNK  |b slo  |c SNK  |e AACR2 
041 0 |a slo 
043 |a e-xo--- 
044 |a xo  |c SK 
072 7 |a 394  |x Verejný a spoločenský život. Každodenný život  |2 konspekt 
072 7 |a 316.7  |x Sociológia kultúry. Kultúrny život  |2 konspekt 
072 7 |a 352/354  |x Stupne miestnej, oblastnej a ústrednej správy  |2 konspekt 
080 |a 050  |2 2011 
080 |a (437.614 )  |2 2011 
080 |a (051)+(054)(437.6)  |2 2011 
080 |a 316.728  |2 2011 
080 |a 394  |2 2011 
080 |a 353.9  |2 2011 
210 0 |a Slovo Šaľanov 
222 0 |a Slovo Šaľanov 
245 0 0 |a Slovo Šaľanov  |b noviny závislé od čitateľov : okresný mesačník 
260 |a Šaľa  |b Milan Aľakša  |c 1996 
260 3 |3 3/2012-  |a Šaľa  |b Fantázia media, a.s. 
300 |a zv.  |b ilustr.  |c 30 cm 
310 |a 1x mesačne 
362 0 |a 1996- 
500 |a Popis podľa: Roč. IV, č. 1 (1999) 
500 |a Šéfredaktor: 1996- , Milan Aľakša 
500 |a Registračné číslo: OÚ v Galante 26/96 ; EV 2998/09 
500 |a Podnázov od č. 1/2001: noviny závislé od čitateľov 
525 |a V r. 2003-2006 príloha Lepšia Šaľa 
650 0 7 |a každodenný život  |2 SNKPH  |9 4946 
650 0 7 |a územná samospráva  |2 SNKPH  |9 802 
651 7 |a Šaľa (Slovensko : okres)  |2 SNKPHgeo  |9 16340 
655 7 |a regionálne periodiká  |2 SNKPH  |9 131775 
700 1 |a Aľakša, Milan  |4 pbl  |4 pbd  |9 274217 
856 4 1 |u http://www.slovosalanov.sk/ 
910 |a snk 
916 |a 1999-2014 
999 |c 9767  |d 11697 
952 |0 0  |1 0  |4 0  |7 0  |8 0  |a SNK  |b SNK  |d 2015-07-03  |f 1  |i snk2015/20568  |l 0  |o snkČSB 5329/9/2004  |p 17A1145698  |r 2026-02-21 19:34:42  |t č. 1-12  |w 2026-02-21  |y PREZ 
952 |0 0  |1 0  |4 0  |7 0  |8 0  |a SNK  |b SNK  |d 2015-07-03  |f 1  |i snk2015/20571  |l 0  |o snkČSB 5329/10/2005  |p 17A1145699  |r 2026-02-21 19:34:47  |t č. 1-12  |w 2026-02-21  |y PREZ 
952 |0 0  |1 0  |4 0  |7 0  |8 0  |a SNK  |b SNK  |d 2015-07-03  |f 1  |i snk2015/20572  |l 0  |o snkČSB 5329/11/2006  |p 17A1145700  |r 2026-02-21 19:34:54  |t č. 1-12  |w 2026-02-21  |y PREZ 
952 |0 0  |1 0  |4 0  |7 0  |8 0  |a SNK  |b SNK  |d 2015-07-03  |f 1  |i snk2015/20575  |l 0  |o snkČSB 5329/12/2007  |p 17A1145701  |r 2026-02-21 19:34:54  |t č. 1-12  |w 2026-02-21  |y PREZ 
952 |0 0  |1 0  |4 0  |7 0  |8 0  |a SNK  |b SNK  |d 2015-07-03  |f 1  |i snk2015/20576  |l 0  |o snkČSB 5329/13/2008  |p 17A1145702  |r 2026-02-21 19:34:54  |t č. 1-12  |w 2026-02-21  |y PREZ 
952 |0 0  |1 0  |4 0  |7 0  |8 0  |a SNK  |b SNK  |d 2015-07-03  |f 1  |i snk2015/20578  |l 0  |o snkČSB 5329/14/2009  |p 17A1145703  |r 2026-02-21 19:34:54  |t č. 1-12  |w 2026-02-21  |y PREZ 
952 |0 0  |1 0  |4 0  |7 0  |8 0  |a SNK  |b SNK  |d 2015-07-03  |f 1  |i snk2015/20581  |l 0  |o snkČSB 5329/15/2010  |p 17A1145704  |r 2026-02-21 19:34:54  |t č. 1-12  |w 2026-02-21  |y PREZ 
952 |0 0  |1 0  |4 0  |7 0  |8 0  |a SNK  |b SNK  |d 2015-07-03  |f 1  |i snk2015/20583  |l 0  |o snkČSB 5329/16/2011  |p 17A1145705  |r 2026-02-21 19:34:54  |t č. 1-12  |w 2026-02-21  |y PREZ 
952 |0 0  |1 0  |4 0  |7 0  |8 0  |a SNK  |b SNK  |d 2015-07-03  |f 1  |i snk2015/20606  |l 0  |o snkČSB 5329/17/2012  |p 17A1145706  |r 2026-02-21 19:35:01  |t č. 1-12  |w 2026-02-21  |y PREZ 
952 |0 0  |1 0  |4 0  |7 0  |8 0  |a SNK  |b SNK  |d 2015-07-03  |f 1  |i snk2015/20607  |l 0  |o snkČSB 5329/18/2013  |p 17A1145707  |r 2026-02-21 19:35:01  |t č. 1-12  |w 2026-02-21  |y PREZ 
952 |0 0  |1 0  |4 0  |7 0  |8 0  |a SNK  |b SNK  |d 2015-07-03  |f 1  |i snk2015/20608  |l 0  |o snkČSB 5329/19/2014  |p 17A1145708  |r 2026-02-21 19:35:01  |t č. 1-12  |w 2026-02-21  |y PREZ 
952 |0 0  |1 0  |4 0  |7 3  |8 0  |a SNK  |b SNK  |d 2025-07-08  |i snk2025/10715  |l 0  |o snkČSB 5329/27/2022  |p 17A1557311  |r 2026-02-21 19:49:32  |t č. 1-12  |w 2026-02-21  |y PREZ 
952 |0 0  |1 0  |4 0  |7 3  |8 0  |a SNK  |b SNK  |d 2025-07-08  |i snk2025/10718  |l 0  |o snkČSB 5329/28/2023  |p 17A1557312  |r 2026-02-21 19:49:32  |t č. 1-9  |w 2026-02-21  |y PREZ 
952 |0 0  |1 0  |4 0  |7 3  |8 0  |a SNK  |b SNK  |d 2025-07-08  |i snk2025/10719  |l 0  |o snkČSB 5329/29/2024  |p 17A1557313  |r 2026-02-21 19:49:32  |t č. 1-6  |w 2026-02-21  |y PREZ 
952 |0 0  |1 0  |4 0  |7 0  |8 0  |a SNK  |b SNK  |d 2005-06-27  |f 1  |i snk2005/11250  |l 0  |o snkČSB 5329/4/1999  |p 17A0463521  |r 2026-02-21 20:14:40  |t č. 1-12  |w 2026-02-21  |y PREZ 
952 |0 0  |1 0  |4 0  |7 0  |8 0  |a SNK  |b SNK  |d 2022-10-20  |i snk2022/15916  |l 0  |o snkČSB 5329/25/2020  |p 17A1464205  |r 2026-02-21 20:17:51  |t č. 1-12, neúplné  |w 2026-02-21  |y PREZ  |z Chýba č. 11 
952 |0 0  |1 0  |4 0  |7 0  |8 0  |a SNK  |b SNK  |d 2022-10-20  |i snk2022/15917  |l 0  |o snkČSB 5329/26/2021  |p 17A1464204  |r 2026-02-21 20:17:51  |t č. 1-12  |w 2026-02-21  |y PREZ 
952 |0 0  |1 0  |4 0  |7 0  |8 0  |a SNK  |b SNK  |d 2005-06-27  |i snk2005/11251  |l 0  |o snkČSB 5329/4/1999 D1  |p 17A0463522  |r 2026-02-21 21:10:52  |t č. 1-12  |w 2026-02-21  |y PREZ 
952 |0 0  |1 0  |4 0  |7 0  |8 0  |a SNK  |b SNK  |d 2005-06-27  |f 1  |i snk2005/11252  |l 0  |o snkČSB 5329/5/2000  |p 17A0463523  |r 2026-02-21 21:10:52  |t č. 1-12  |w 2026-02-21  |y PREZ 
952 |0 0  |1 0  |4 0  |7 0  |8 0  |a SNK  |b SNK  |d 2005-06-27  |i snk2005/11253  |l 0  |o snkČSB 5329/5/2000 D1  |p 17A0463524  |r 2026-02-21 21:10:52  |t č. 1-12, neúplné  |w 2026-02-21  |y PREZ  |z Chýba č. 8 
952 |0 0  |1 0  |4 0  |7 0  |8 0  |a SNK  |b SNK  |d 2005-06-27  |f 1  |i snk2005/11254  |l 0  |o snkČSB 5329/6/2001  |p 17A0463525  |r 2026-02-21 21:10:52  |t č. 1-12  |w 2026-02-21  |y PREZ 
952 |0 0  |1 0  |4 0  |7 0  |8 0  |a SNK  |b SNK  |d 2005-06-27  |i snk2005/11255  |l 0  |o snkČSB 5329/6/2001 D1  |p 17A0463526  |r 2026-02-21 21:10:52  |t č. 1-12  |w 2026-02-21  |y PREZ 
952 |0 0  |1 0  |4 0  |7 0  |8 0  |a SNK  |b SNK  |d 2005-06-27  |f 1  |i snk2005/11256  |l 0  |o snkČSB 5329/7/2002  |p 17A0463680  |r 2026-02-21 21:10:52  |t č. 1-12  |w 2026-02-21  |y PREZ 
952 |0 0  |1 0  |4 0  |7 0  |8 0  |a SNK  |b SNK  |d 2005-06-27  |i snk2005/11257  |l 0  |o snkČSB 5329/7/2002 D1  |p 17A0463679  |r 2026-02-21 21:10:53  |t č. 1-12  |w 2026-02-21  |y PREZ 
952 |0 0  |1 0  |4 0  |7 0  |8 0  |a SNK  |b SNK  |d 2005-06-27  |f 1  |i snk2005/11258  |l 0  |o snkČSB 5329/8/2003  |p 17A0463678  |r 2026-02-21 21:10:53  |t č. 1-12  |w 2026-02-21  |y PREZ 
952 |0 0  |1 0  |4 0  |7 0  |8 0  |a SNK  |b SNK  |d 2005-06-27  |i snk2005/11259  |l 0  |o snkČSB 5329/8/2003 D1  |p 17A0463677  |r 2026-02-21 21:10:53  |t č. 1-12  |w 2026-02-21  |y PREZ 
952 |0 0  |1 0  |4 0  |7 1  |8 0  |a SNK  |b SNK  |d 2019-04-25  |i snk2019/11883  |l 0  |o snkČSB 5329/20/2015  |p 17A1366817  |r 2026-02-21 21:59:37  |t č. 1-12  |w 2026-02-21  |y NEVYP 
952 |0 0  |1 0  |4 0  |7 1  |8 0  |a SNK  |b SNK  |d 2019-04-25  |i snk2019/11884  |l 0  |o snkČSB 5329/21/2016  |p 17A1366816  |r 2026-02-21 21:59:37  |t č. 1-12  |w 2026-02-21  |y NEVYP 
952 |0 0  |1 0  |4 0  |7 1  |8 0  |a SNK  |b SNK  |d 2019-04-25  |i snk2019/11885  |l 0  |o snkČSB 5329/22/2017  |p 17A1366815  |r 2026-02-21 21:59:37  |t č. 1-12  |w 2026-02-21  |y NEVYP 
952 |0 0  |1 0  |4 0  |7 1  |8 0  |a SNK  |b SNK  |d 2019-04-25  |i snk2019/11886  |l 0  |o snkČSB 5329/23/2018  |p 17A1366814  |r 2026-02-21 21:59:37  |t č. 1-12  |w 2026-02-21  |y NEVYP 
952 |0 0  |1 0  |4 0  |7 0  |8 0  |a SNK  |b SNK  |d 2020-10-21  |i snk2020/19341  |l 0  |o snkČSB 5329/24/2019  |p 17A1432413  |r 2026-02-21 22:23:21  |t č. 1-12  |w 2026-02-21  |y PREZ